Trojniakisms Quiz Stats

 Plays Quiz not verified by Sporcle

Score 0/15 Timer 02:00
0 Plays Today
Question Trojniakism % Correct
How many kneepads does Trojniak need?2
94.7%
How many kneepads does a wrestler need?1
89.5%
What instrument does Trojniak play, as of 2009?Percussion
84.2%
How many times has Trojniak read the Harry Potter series?8
73.7%
Who does Trojniak text the most?His Mom
63.2%
As of 5/21/10, what is Trojniak's grade in yearbook?F
63.2%
Why does Trojniak think he's a god?He once high fived Mike Martin
52.6%
What class did Trojniak get kicked out of freshman year?Honors Spanish 1
52.6%
Question Trojniakism % Correct
If Trojniak passes a hot girl on a run, what song does he sing?Hey Baby
52.6%
Who will Trojniak never be better at life than?His brother
52.6%
What is Trojniak's favorite food?89 cent 5-layer Cheesy Beef Burrito at Taco Bell
36.8%
What adjective does Trojniak most frequently use to describe a girl?Drop Dead Gorgeous
36.8%
What's Trojniak's favorite wrestling move?Peterson roll
31.6%
What is Trojniak's favorite TV show?The Office
31.6%
What is Trojniak's favorite movie?Monty Python and the Holy Grail
26.3%

You're not logged in!

Compare scores with friends on all Sporcle quizzes.
OR
Log In

Show Comments

Extras

Created May 23, 2010ReportNominate

Top Quizzes Today


Score Distribution

Your Account Isn't Verified!

In order to create a playlist on Sporcle, you need to verify the email address you used during registration. Go to your Sporcle Settings to finish the process.

Report this User

Report this user for behavior that violates our Community Guidelines.

Details: